Πλάτωνος Συμπόσιον

Αποθηκεύτηκε σε:
Λεπτομέρειες βιβλιογραφικής εγγραφής
Κύριος συγγραφέας: Πλάτων, 428 ή 7-348 ή 7 π.Χ
Άλλοι συγγραφείς: Συκουτρής, Ιωάννης, 1901-1937
Μορφή: Βιβλίο
Γλώσσα:Greek
Δημοσίευση: Αθήναι : Εστία, 1988.
Έκδοση:9η εκδ.
Σειρά:Ελληνική βιβλιοθήκη (Εστία) 1
Θέματα:
Ετικέτες: Προσθήκη ετικέτας
Δεν υπάρχουν, Καταχωρήστε ετικέτα πρώτοι!

MARC

LEADER 00000cam a2200000 i 4500
001 1/89509
008 960924s1988 gr ||| | gre||
020 |a 960-05-0035-5 
035 |a 1990  |b 3  |c Σύλλογος Φοιτητών  |l 10035766 
040 |a GR-MY-UA  |b gre  |e aacr 
041 0 |a gre 
082 0 |a 184 
100 0 |a Πλάτων,   |d 428 ή 7-348 ή 7 π.Χ. 
245 1 0 |a Πλάτωνος Συμπόσιον /   |c Πλάτωνος ; κείμενον, μετάφρασις και ερμηνεία υπό Ι.Συκουτρή. 
250 |a 9η εκδ. 
260 |a Αθήναι :   |b Εστία,   |c 1988. 
300 |a 242 σ. 
490 1 |a (Ελληνική Βιβλιοθήκη ;   |v 1) 
600 0 7 |2 nlgaf  |a Σωκράτης,   |d 469-399. 
650 0 0 |a Love. 
650 0 0 |a Soul. 
650 0 0 |a Rhetoric, Ancient. 
700 1 |a Συκουτρής, Ιωάννης,   |d 1901-1937. 
830 0 |a Ελληνική βιβλιοθήκη (Εστία)  |v 1 
852 |a INST  |b RHODES  |e 19960924  |h 184 ΠΛΑ  |p 005400008107  |q 005400008107  |t BK  |y 0 
909 |a Ρ  |b 018127